<?xml version="1.0" encoding="UTF-8" ?>
<collection xmlns="http://www.loc.gov/MARC21/slim"><record><leader>01021nam a2200253   4500</leader><controlfield tag="001">231720</controlfield><controlfield tag="003">CH-000273-5</controlfield><controlfield tag="005">20251117143657.0</controlfield><datafield tag="020" ind1=" " ind2=" "><subfield code="a">978-981-5129-63-2</subfield></datafield><datafield tag="040" ind1=" " ind2=" "><subfield code="a">CH-000273-5</subfield><subfield code="b">ger</subfield><subfield code="e">rda</subfield></datafield><datafield tag="041" ind1="0" ind2=" "><subfield code="a">eng</subfield></datafield><datafield tag="100" ind1="1" ind2=" "><subfield code="a">Wei, William </subfield><subfield code="d">1955-</subfield><subfield code="e">Verfasser</subfield><subfield code="4">aut</subfield></datafield><datafield tag="245" ind1="1" ind2="0"><subfield code="a">Art conservation</subfield><subfield code="b">mechanical properties and testing of materials</subfield><subfield code="c">W. (Bill) Wei</subfield></datafield><datafield tag="250" ind1=" " ind2=" "><subfield code="a">Revised edition</subfield></datafield><datafield tag="264" ind1=" " ind2="1"><subfield code="a">Singapore</subfield><subfield code="b">Jenny Stanford Publishing</subfield><subfield code="c">[2025]</subfield></datafield><datafield tag="300" ind1=" " ind2=" "><subfield code="a">xi, 173 Seiten</subfield><subfield code="b">Illustrationen, Diagramme</subfield><subfield code="c">24 cm</subfield></datafield><datafield tag="336" ind1=" " ind2=" "><subfield code="a">Text</subfield><subfield code="b">txt</subfield><subfield code="2">rdacontent</subfield></datafield><datafield tag="337" ind1=" " ind2=" "><subfield code="a">ohne Hilfsmittel zu benutzen</subfield><subfield code="b">n</subfield><subfield code="2">rdamedia</subfield></datafield><datafield tag="338" ind1=" " ind2=" "><subfield code="a">Band</subfield><subfield code="b">nc</subfield><subfield code="2">rdacarrier</subfield></datafield><datafield tag="490" ind1="1" ind2=" "><subfield code="a">Jenny Stanford series on art conservation</subfield><subfield code="v">volume 1</subfield></datafield><datafield tag="650" ind1=" " ind2="7"><subfield code="a">Konservierung</subfield><subfield code="x">Kunst</subfield><subfield code="x">Mechanische Eigenschaft</subfield><subfield code="x">Werkstoffprüfung</subfield><subfield code="x">Künstlerisches Material</subfield><subfield code="2">gnd</subfield></datafield><datafield tag="776" ind1="0" ind2="8"><subfield code="i">Erscheint auch als</subfield><subfield code="n">Online-Ausgabe</subfield><subfield code="t">Art conservation</subfield><subfield code="z">978-1-003-61644-3</subfield></datafield><datafield tag="830" ind1=" " ind2="0"><subfield code="a">Jenny Stanford series on art conservation</subfield><subfield code="v">1</subfield><subfield code="w">(CH-000273-5)231798</subfield></datafield><datafield tag="852" ind1="4" ind2=" "><subfield code="a">CH-000273-5</subfield><subfield code="c">C 2025/0509</subfield></datafield></record></collection>